Save Humanity by Guessing Countries longer - Statistics

General Stats
  • This quiz has been taken 2,270 times
  • The average score is 6950 of 7811
Answers on the Map
Answers color-coded by a green-red scale on the quiz's map according to % correct below.
 
Answer Stats
population Country % Correct
331,002,651 United States
96%
1,447,470,092 China
95%
1,380,004,385 India
95%
37,742,154 Canada
93%
273,523,615 Indonesia
93%
67,886,011 United Kingdom
93%
67,515,709 France
92%
126,476,461 Japan
92%
128,932,753 Mexico
92%
212,559,417 Brazil
91%
145,934,462 Russia
91%
45,195,774 Argentina
90%
83,783,942 Germany
90%
220,892,340 Pakistan
90%
25,499,884 Australia
89%
24,206,644 Niger
89%
46,754,778 Spain
89%
164,689,383 Bangladesh
88%
60,461,826 Italy
88%
51,269,185 South Korea
88%
97,338,579 Vietnam
88%
102,334,404 Egypt
87%
206,139,589 Nigeria
87%
84,339,067 Turkey
87%
19,116,201 Chile
86%
83,992,949 Iran
86%
59,308,690 South Africa
86%
69,799,978 Thailand
86%
10,423,054 Greece
85%
40,222,493 Iraq
85%
25,778,816 North Korea
85%
109,581,078 Philippines
85%
37,846,611 Poland
85%
10,099,265 Sweden
85%
43,733,762 Ukraine
85%
50,882,891 Colombia
84%
89,561,403 Democratic Republic of the Congo
84%
5,540,720 Finland
84%
29,136,808 Nepal
84%
32,971,854 Peru
84%
43,851,044 Algeria
83%
9,006,398 Austria
83%
114,963,588 Ethiopia
83%
7,275,560 Laos
83%
32,365,999 Malaysia
83%
5,421,241 Norway
83%
4,314,767 Panama
83%
10,196,709 Portugal
83%
11,673,021 Bolivia
82%
5,792,202 Denmark
82%
4,822,233 New Zealand
82%
7,132,538 Paraguay
82%
3,473,730 Uruguay
82%
28,435,940 Venezuela
82%
38,928,346 Afghanistan
81%
11,326,616 Cuba
81%
9,660,351 Hungary
81%
18,776,707 Kazakhstan
81%
5,518,087 Republic of the Congo
81%
34,813,871 Saudi Arabia
81%
10,847,910 Dominican Republic
80%
17,915,568 Guatemala
80%
11,402,528 Haiti
80%
341,243 Iceland
80%
4,937,786 Ireland
80%
53,771,296 Kenya
80%
2,722,289 Lithuania
80%
37,507,899 Morocco
80%
17,134,872 Netherlands
80%
5,106,626 Oman
80%
19,237,691 Romania
80%
43,849,260 Sudan
80%
29,825,964 Yemen
80%
9,449,323 Belarus
79%
11,589,623 Belgium
79%
16,718,965 Cambodia
79%
17,643,054 Ecuador
79%
1,886,198 Latvia
79%
3,278,290 Mongolia
79%
6,926,908 Serbia
79%
5,459,642 Slovakia
79%
59,734,218 Tanzania
79%
10,708,981 Czech Republic
78%
1,326,535 Estonia
78%
9,904,607 Honduras
78%
8,655,535 Israel
78%
2,961,167 Jamaica
78%
54,409,800 Myanmar
78%
5,850,342 Singapore
78%
21,413,249 Sri Lanka
78%
586,632 Suriname
78%
17,500,658 Syria
78%
9,890,402 United Arab Emirates
78%
5,094,118 Costa Rica
77%
786,552 Guyana
77%
6,871,292 Libya
77%
2,881,053 Qatar
77%
2,078,938 Slovenia
77%
11,193,725 South Sudan
77%
23,816,775 Taiwan
77%
6,031,200 Turkmenistan
77%
801 Vatican City
77%
771,608 Bhutan
76%
6,948,445 Bulgaria
76%
31,072,940 Ghana
76%
26,378,274 Ivory Coast
76%
10,203,134 Jordan
76%
27,691,018 Madagascar
76%
8,947,024 Papua New Guinea
76%
8,654,622 Switzerland
76%
33,469,203 Uzbekistan
76%
18,383,955 Zambia
76%
2,877,797 Albania
75%
32,866,272 Angola
75%
393,244 Bahamas
75%
397,628 Belize
75%
16,425,864 Chad
75%
4,105,267 Croatia
75%
6,486,205 El Salvador
75%
625,978 Luxembourg
75%
20,250,833 Mali
75%
39,242 Monaco
75%
8,278,724 Togo
75%
11,818,619 Tunisia
75%
45,741,007 Uganda
75%
14,862,924 Zimbabwe
75%
10,139,177 Azerbaijan
74%
12,123,200 Benin
74%
1,207,359 Cyprus
74%
3,989,167 Georgia
74%
13,132,795 Guinea
74%
4,270,571 Kuwait
74%
6,624,554 Nicaragua
74%
2,963,243 Armenia
73%
1,701,575 Bahrain
73%
3,280,819 Bosnia and Herzegovina
73%
71,986 Dominica
73%
12,952,218 Rwanda
73%
16,743,927 Senegal
73%
15,893,222 Somalia
73%
77,265 Andorra
72%
26,545,863 Cameroon
72%
441,543 Malta
72%
53,199 Saint Kitts and Nevis
72%
105,695 Tonga
72%
1,399,488 Trinidad and Tobago
72%
287,375 Barbados
71%
6,825,445 Lebanon
71%
2,083,374 North Macedonia
71%
33,931 San Marino
71%
540,544 Maldives
70%
4,033,963 Moldova
70%
9,537,645 Tajikistan
70%
2,351,627 Botswana
69%
1,810,463 Kosovo
69%
5,057,681 Liberia
69%
38,128 Liechtenstein
69%
4,649,658 Mauritania
69%
2,540,905 Namibia
69%
183,627 Saint Lucia
69%
110,940 Saint Vincent and the Grenadines
69%
4,829,767 Central African Republic
68%
2,416,668 Gambia
68%
31,255,435 Mozambique
68%
97,929 Antigua and Barbuda
67%
20,903,273 Burkina Faso
67%
3,546,421 Eritrea
67%
112,523 Grenada
67%
2,142,249 Lesotho
67%
628,066 Montenegro
67%
11,890,784 Burundi
66%
1,402,985 Equatorial Guinea
66%
896,445 Fiji
66%
6,524,195 Kyrgyzstan
66%
1,968,001 Guinea-Bissau
65%
19,129,952 Malawi
65%
7,976,983 Sierra Leone
65%
2,225,734 Gabon
64%
198,414 Samoa
63%
686,884 Solomon Islands
63%
555,987 Cape Verde
62%
59,190 Marshall Islands
62%
988,000 Djibouti
61%
1,318,445 East Timor
60%
115,023 Federated States of Micronesia
60%
98,347 Seychelles
58%
119,449 Kiribati
57%
11,792 Tuvalu
57%
437,479 Brunei
56%
1,160,164 Eswatini
56%
10,824 Nauru
56%
1,271,768 Mauritius
55%
18,094 Palau
55%
307,145 Vanuatu
53%
869,601 Comoros
52%
219,159 São Tomé and Príncipe
50%
No matching quizzes found
Score Distribution
Percent of People with Each Score
Percentile by Number Answered
Your Score History
You have not taken this quiz